| 000 | 01359cad a22002175a 4500 | ||
|---|---|---|---|
| 001 | L156678 | ||
| 008 | 120702s2012 xxk 000 0 eng d | ||
| 035 | _a(Sirsi) u156678 | ||
| 041 | 0 | _aeng | |
| 110 | 2 |
_aJones Lang LaSalle _93755 |
|
| 245 | 0 | 0 |
_aUK industrial property trends today _bJune 2012 |
| 260 |
_aLondon _bJLL _c2012 |
||
| 490 | 0 |
_aJones Lang LaSalle UK Property Trends Today _vJune 2012 |
|
| 520 | _aOccupier demand for industrial property remains fragile: total industrial and logistics take-up fell in Q1 2012 compared with Q4 2011 and a year earlier. Take-up in 2012 will be less than 2011. Availability has also edged lower: total industrial and logistics supply was 0.6% lower at the end of March 2012 than six months earlier. Speculative industrial development remains very modest. Investor demand is focused on London and the South East. | ||
| 520 | _aIntroduction and overview -- Greater London -- South East -- East Anglia -- South West -- WestMidlands -- East Midlands -- North West -- Yorkshire and Humberside -- North East -- Scotland -- Wales -- UK investment market performance. | ||
| 590 | _aKA NTK | ||
| 651 | 4 | _aUnited Kingdom | |
| 690 |
_aCommercial property _96227 |
||
| 856 | 4 | 0 |
_uhttps://www.joneslanglasalle.co.uk/UnitedKingdom/EN-GB/Pages/ResearchFilter.aspx _zView the report at www.joneslanglasalle.co.uk |
| 942 | _n0 | ||
| 999 |
_c84115 _d84115 |
||